000 00368 a2200145 4500
040 _aDLC
_bDLC
082 _a 531
100 _aChow, Tai L.
245 _aClassical mechanics
_c Tai L.Chow
260 _aIslamabad :
_bNational Book Foundation.
300 _ax, 547 p.;
_b : ill.
_c26 cm.
500 _aIncludes Index
650 _a Mechanics.
942 _cBK
_k531 CHO
_2ddc
999 _c7671
_d7671